Language Quiz

Random Language or Latin Quiz

Odd One Out: Latin Expressions Quiz Stats

 Plays Quiz Updated Jul 6, 2018

Score 0/16 Timer 02:00
1 Play Today
Question Answer Wrong Answers
'after death' capita
96.4%
post
1.5%
mortem
1.8%
'voice of the people' fac
94.9%
vox
2.7%
populi
1.6%
'nourishing mother'
(one's university / college)
omnia
93.8%
alma
2.8%
mater
1.2%
'to turn around' victis
93.6%
vice
3.4%
versa
1.8%
'unpleasing person'
(unwelcomed person)
semper
93.3%
persona
1%
non
1%
grata
1.8%
'seize the day' cesium
92.8%
carpe
5.7%
diem
1.5%
'this for that' totum
90.6%
quid
1.4%
pro
0.8%
quo
0.8%
'out of many, one' nihilo
88.4%
e
3.1%
pluribus
1.9%
unum
1.9%
'course of one's life'
(extended resume)
facto
86.5%
curriculum
9.3%
vitae
2.5%
'in glass'
(biological process that occurs in the lab)
situ
86.1%
in
2.6%
vitro
9.9%
'God out of a machine'
(conflict resolution via implausible methods)
patriae
85.4%
deus
6.6%
ex
3.5%
machina
2.1%
'I think therefore I am' cœptis
82.3%
cogito
2.8%
ergo
1.8%
sum
8.9%
'in flaming crime'
(caught red-handed)
toto
75.6%
in
2.1%
flagrante
2.5%
delicto
16%
'first among equals' praemonitus
71.6%
primus
2.4%
inter
9.2%
pares
11.3%
'with highest praise' magna
54.2%
summa
38.4%
cum
2.3%
laude
2%
'time, devourer of all things' cuique
42.2%
tempus
1.7%
edax
29%
rerum
18.4%

You're not logged in!

Compare scores with friends on all Sporcle quizzes.
OR
Log In

Show Comments

Extras

Top Quizzes Today


Score Distribution

Your Account Isn't Verified!

In order to create a playlist on Sporcle, you need to verify the email address you used during registration. Go to your Sporcle Settings to finish the process.

Report this User

Report this user for behavior that violates our Community Guidelines.

Details: